Obilniny a pekárske výrobky majú nezastupiteľné miesto v našej výžive

Bibliographic Details
Main Author: Krkošková, Bernadetta, 1940- (Author)
Format: Article
Language:Slovak
PhysicalDescription:Tab.
Subjects:

MARC

LEADER 00000nab a2200000 a 4500
001 vtls000783245
003 SK-MaSNL
005 20260304233947.0
008 160405c2002 xo 0 slo
015 |a SNBRB2002/02-05545 
035 |a CLN000134956 
040 |a SNKBUCL  |b slo  |c SNKBUCL  |e AACR2 
041 0 |a slo 
044 |a xo  |c SK 
080 |a 613.26  |2 1997 
100 1 |a Krkošková, Bernadetta,  |d 1940-  |4 aut  |9 109678 
245 1 0 |a Obilniny a pekárske výrobky majú nezastupiteľné miesto v našej výžive  |c Bernadetta Krkošková 
300 |b Tab. 
650 0 7 |a výživa  |x obilniny  |x výrobky pekárenské  |2 snkbucl  |9 1570196 
650 0 7 |a obilniny  |2 snkbucl  |9 19007 
650 0 7 |a výrobky pekárenské  |2 snkbucl  |9 949652 
655 7 |a články z novín a časopisov  |2 snkbucl  |9 267496 
773 0 |t Roľnícke noviny  |g Č. 9 (14.1.2002) 
773 0 |t [Príl.] Potraviny pod lupou  |g S. 3 
850 |a Slovenská národná knižnica v Martine 
852 |a SNK  |b KIS3GCP 
958 |a MI 
958 |a RBX 
999 |c 3201214  |d 3203144